| 000 | 00467nam a22001817a 4500 | ||
|---|---|---|---|
| 003 | CEME | ||
| 005 | 20210628203927.0 | ||
| 008 | 210115b xxu||||| |||| 00| 0 eng d | ||
| 020 | _a9788120347441 | ||
| 040 | _c. | ||
| 082 | _a620.0042 RAJ | ||
| 100 |
_aRaju,N.V.S _967876 |
||
| 245 | _aOptimization methods for engineers | ||
| 260 |
_aINDIA _bPHI LEARNING _c2014 |
||
| 300 | _aXX, 596P | ||
| 650 |
_aOPTIMIZATION METHODS FOR ENGINEERS _967877 |
||
| 942 |
_cBK _2ddc |
||
| 999 |
_c575565 _d575565 |
||